00979nam a2200241 a 450000100100000000500170001000800410002702000180006804000250008608200180011110000390012924501560016826000520032430000360037650000560041250400330046850400730050165000400057465000440061465000190065870000240067770000360070100001013220240520194921.0091005s2009 dr ac r 000 0 spa d a9789945870503 aDO-SdBNPbspacBNPHU a633.74bG216i1 aGarcía Salazar, Gregorio,d1959-10aImpacto de la agroforestería :bcacao en República Dominicana /cGregorio García Salazar ; ilustraciones Felino Bueno y Greymi García Garabito. aSanto Domingo :bTalleres Gráficos 16,c2009. a188 p. :bil., retrs. ;c23 cm. aIncluye datos biográficos del autor en la solapas aBiibliografía : p. 183-188 aIncluye referencias bibliográficas y notas al pie de las páginas 4aAgriculturazRepública Dominicana 4aCacaoxRepública dominicanaxHistoria 0aAforestación12aBueno, Felino,eil.12aGarcía Garabito, Greymi,eil.